000 00654nam a2200217 4500
001 113030
003 ES-MaACL
005 20230906185730.0
007 t|
008 061121s1958 sp r ||||1| spa d
100 1 _aMuskett, Nelta.
_984684
245 1 0 _aEn otoño no hay primavera
_b: novela /
_cNelta Muskett ; traducción del inglés por J. Romero de Tejada.
250 _a[1ª ed.].
260 _aBarcelona :
_bPlaneta,
_c1958.
300 _a404 p. ;
_c19 cm.
490 1 _aColección Goliat
700 1 _aRomero de Tejada, J.
_999376
830 0 _aColección Goliat
_9185597
852 _aES-MaACL
_jC-14424
_bR.42342
999 _c113030
_d113030